000 00627 a2200205 4500
003 Nust
005 20170207171607.0
010 _a 84018838
020 _a048624864X (pbk.) :
040 _cNust
082 0 0 _a001.535
100 1 _aJackson, Philip C.,
245 1 0 _aIntroduction to artificial intelligence (E-BOOK)
_cPhilip C. Jackson, Jr.
250 _a2nd, enl. ed.
260 _aNew York :
_bDover,
_c1985.
300 _axxxviii, 453 p. :
_bill. ;
_c22 cm.
500 _aIncludes index.
650 0 _aArtificial intelligence.
856 4 2 _3Publisher description
_uhttp://www.loc.gov/catdir/description/dover033/84018838.html
942 _2ddc
_cBK
999 _c217611
_d217611